000 00681nam a2200217Ia 4500
003 GCL
008 140319s9999 xx 000 0 ara d
040 _aGCL /
_cGCL
082 0 4 _a651.32
_bس م
100 1 _aسامى عبدالقادر سعيد
245 1 0 _aالمكاتب الامامية فى صناعة الفنادق /
_cسامى عبدالقادر سعيد
260 _aالقاهرة :
_bمكتبة الانجلوالمصرية ،
_c1994
300 _a220 ص ؛
_c22 سم
490 _a
650 0 4 _aالفنادق
650 0 4 _aتنظيم وادارة
650 0 4 _aالسياحة
650 0 4 _aالمبانى
650 0 4 _aالمطاعم
942 _2ddc
_cBK
999 _c58973
_d58973